000
00328nam a2200133Ia 4500
100
_a
Machinery yellow back series
650
_a
Electrical Engineering
942
_c
BK
654
_a
electronic
245
_a
Electronic Applications No.28A
260
_b
Machinery Publication & co
_c
2001
082
_a
621.9
546
_a
ENGLISH
999
_c
25994
_d
25994